[Event "SVK-chT2C 1516"]
[Site "Slovakia"]
[Date "2016.01.24"]
[Round "7.8"]
[White "Cabanova, Kristina"]
[Black "Urhegyi, Ferenc"]
[Result "1/2-1/2"]
[WhiteElo "1667"]
[BlackElo "1880"]
[PlyCount "105"]
[EventDate "2015.10.17"]
[EventType "team-tourn"]
[EventRounds "11"]
[EventCountry "SVK"]
[SourceTitle "CBM 170 Extra"]
[Source "ChessBase"]
[SourceDate "2016.02.25"]
[SourceVersion "1"]
[SourceVersionDate "2016.02.25"]
[SourceQuality "1"]
[WhiteTeam "Banska Bystrica Kurta"]
[BlackTeam "Cebovce"]
[WhiteTeamCountry "SVK"]
[BlackTeamCountry "SVK"]

1. Nf3 e6 2. d4 b6 3. c4 Bb7 4. a3 Nf6 5. Nc3 d6 6. Bg5 Nbd7 7. e3 Be7 8. Be2 h6 9. Bxf6 Nxf6 10. Qa4+ Qd7 11. Qxd7+ Kxd7 12. b4 Ne4 13. Nxe4 Bxe4 14. Rg1 f6 15. Nd2 Bb7 16. Bf3 Rab8 17. Ke2 c5 18. dxc5 bxc5 19. bxc5 dxc5 20. Bxb7 Rxb7 21. Rab1 Rhb8 22. Rxb7+ Rxb7 23. Rb1 Kc6 24. Rxb7 Kxb7 25. Kd3 Kb6 26. Kc3 Bd6 27. h3 Be5+ 28. Kb3 f5 29. f3 Bg3 30. Nf1 Bd6 31. g4 Kc6 32. Nd2 g6 33. Kc2 Be7 34. Nb3 Kd6 35. Kd3 Ke5 36. Na5 Kd6 37. Nb3 Bd8 38. a4 Be7 39. Na5 h5 40. gxh5 gxh5 41. f4 Bf8 42. Nb7+ Kc7 43. Na5 Bh6 44. Ke2 Bg7 45. Kd3 Bf6 46. Nb3 Be7 47. Kd2 Kd6 48. Kd3 e5 49. Na5 exf4 50. exf4 Bh4 51. Ke3 Bf6 52. Nb3 Bd8 53. Kd3 1/2-1/2